Представление документа в формате RUSMARC

ПолеНазваниеЗначение
  Тип записи a
  Библиографический уровень m
001 Контрольный номер RU/УОНБ/EK/522072934
005 Дата корректировки 20250707162532.6
010 Индекс ISBN __
d Цена 30 к.
9 Тираж 120000 экз.
100 Данные общей обработки __
a Данные общей обработки 20160717d1979 k y0rusy0189||||ca
101 Язык документа 0_
a Язык текста rus
102 Страна публикации __
a Страна публикации RU
105 Кодированные данные (монография) __
a Кодированные данные (монография) a z 000yy
200 Заглавие и сведения об ответственности 1_
a Заглавие Как правильно использовать технику ?
e Сведения, относящиеся к заглавию (беседы с механизаторами)
f Первые сведения об ответственности В.З. Бубнов
205 Сведения об издании __
a Основные сведения об издании 2-е изд., перераб. и доп.
210 Выходные данные 1_
a Место издания Москва
c Издательство Колос
d Дата издания 1979
215 Физическое описание __
a Объем 240 с.
c Иллюстрации/тип воспроизводства ил.
d Формат 16 см
225 Серия 1_
a Серия Библиотечная серия
606 Тематические рубрики 0_
a Основная рубрика Сельскохозяйственные машины и орудия
x Основная подрубрика Эксплуатация
610 Ключевые слова 0_
a Ключевые слова сельскохозяйственные машины и орудия
686 Индексы других классификаций __
a Классификационный индекс 40.72-082
2 Код системы rubbk
700 Автор _1
a Фамилия Бубнов
b Имя (инициалы) В.З.
g Полное личное имя Виктор Захарович
801 Источник записи _0
a Страна RU
b Организация Ульяновская ОНБ
c Дата составления 20160717
g Правила каталогизации RCR
801 Источник записи _1
a Страна RU
b Организация Ульяновская ОНБ
c Дата составления 20160717
g Правила каталогизации RCR
901 Тип документа __
t Тип документа m
909 Создатель записи __
a Создатель записи Васильева
938 Служебная информация __
a Имя БД retro
b Имя библиотеки УОНБ
c Имя АИБС МАРК-SQL
d Номер DOC_ID в БД 182432